000 00408nam a2200169Ia 4500
008 240729s9999 xx 000 0 und d
022 _a2195-4720
245 0 _aPteridines
260 _aPoland
260 _bDe Gruyter
650 _a Chemistry
650 _a Crystallography
650 _aScience
856 _uhttps://doaj.org/toc/c7978d21ff8841db8ac6554bbe77928e
942 _2ddc
942 _cDOAJEJ
999 _c66539
_d66539
945 _a1
_bMadushi Gamage
_c1
_dMadushi Gamage